Transakčné náklady a ich vplyv na exportný manažment konkurenčných podnikov

Transakčné náklady v systéme medzinárodného obchodu. Transakčné náklady podla Portera. Transakčné náklady v podmienkach exportného manažmentu. Náklady dodania podľa INCOTERMS a intermodalita. Transakčné náklady a geografická diverzifikácia exportu.

Na minha lista:
Detalhes bibliográficos
Autor principal: Hansenová, Heda
Outros Autores: Furdová, Lucia, 1984-
Formato: Capítulo de Livro
Idioma:eslovaco
Assuntos:
Tags: Adicionar Tag
Sem tags, seja o primeiro a adicionar uma tag!

MARC

LEADER 00000nla$a2200000$$$4500
001 0113662
005 20240502072250.0
041 0 |a slo 
044 |a SK 
245 1 0 |a Transakčné náklady a ich vplyv na exportný manažment konkurenčných podnikov  |c Heda Hansenová, Lucia Furdová 
520 |a Transakčné náklady v systéme medzinárodného obchodu. Transakčné náklady podla Portera. Transakčné náklady v podmienkach exportného manažmentu. Náklady dodania podľa INCOTERMS a intermodalita. Transakčné náklady a geografická diverzifikácia exportu. 
610 2 0 |a náklady transakčné 
610 2 0 |a obchod medzinárodný 
610 2 0 |a diverzifikácia 
610 2 0 |a vývoz 
610 2 0 |a manažment 
610 2 0 |a konkurencia 
100 1 |a Hansenová, Heda 
700 1 |a Furdová, Lucia, 1984-